<?xml version="1.0" encoding="UTF-8"?>
<record
    xmlns:xsi="http://www.w3.org/2001/XMLSchema-instance"
    xsi:schemaLocation="http://www.loc.gov/MARC21/slim http://www.loc.gov/standards/marcxml/schema/MARC21slim.xsd"
    xmlns="http://www.loc.gov/MARC21/slim">

  <leader>00764nam a22001937a 4500</leader>
  <controlfield tag="008">110906s1958    ua|||||r|||| 00| 0 ara d</controlfield>
  <datafield tag="082" ind1=" " ind2=" ">
    <subfield code="2">22</subfield>
    <subfield code="a">239</subfield>
    <subfield code="b">&#x62F; &#x648; &#x64A;</subfield>
  </datafield>
  <datafield tag="100" ind1=" " ind2=" ">
    <subfield code="9">27033</subfield>
    <subfield code="a">&#x62F;&#x648;&#x64A;&#x62F;&#x627;&#x631;&#x60C; &#x623;&#x645;&#x64A;&#x646;</subfield>
  </datafield>
  <datafield tag="245" ind1=" " ind2=" ">
    <subfield code="a">&#x635;&#x648;&#x631; &#x645;&#x646; &#x62D;&#x64A;&#x627;&#x629; &#x627;&#x644;&#x631;&#x633;&#x648;&#x644; /</subfield>
    <subfield code="c">&#x623;&#x645;&#x64A;&#x646; &#x62F;&#x648;&#x64A;&#x62F;&#x627;&#x631;</subfield>
  </datafield>
  <datafield tag="260" ind1=" " ind2=" ">
    <subfield code="a">[&#x627;&#x644;&#x625;&#x633;&#x643;&#x646;&#x62F;&#x631;&#x64A;&#x629;] :</subfield>
    <subfield code="b">&#x62F;&#x627;&#x631; &#x627;&#x644;&#x645;&#x639;&#x627;&#x631;&#x641;&#x60C; 1958</subfield>
    <subfield code="c">1958</subfield>
  </datafield>
  <datafield tag="300" ind1=" " ind2=" ">
    <subfield code="a">631 &#x635; &#x61B;</subfield>
    <subfield code="c">24 &#x633;&#x645;</subfield>
  </datafield>
  <datafield tag="650" ind1=" " ind2=" ">
    <subfield code="9">8737</subfield>
    <subfield code="a">&#x63A;&#x632;&#x648;&#x627;&#x62A; &#x627;&#x644;&#x646;&#x628;&#x649;</subfield>
  </datafield>
  <datafield tag="650" ind1=" " ind2=" ">
    <subfield code="9">13450</subfield>
    <subfield code="a">&#x627;&#x644;&#x633;&#x64A;&#x631;&#x629; &#x627;&#x644;&#x646;&#x628;&#x648;&#x64A;&#x629;</subfield>
  </datafield>
  <datafield tag="650" ind1=" " ind2=" ">
    <subfield code="9">22340</subfield>
    <subfield code="a">&#x627;&#x644;&#x625;&#x633;&#x631;&#x627;&#x621; &#x648;&#x627;&#x644;&#x645;&#x639;&#x631;&#x627;&#x62C;</subfield>
  </datafield>
  <datafield tag="650" ind1=" " ind2=" ">
    <subfield code="9">27034</subfield>
    <subfield code="a">&#x627;&#x644;&#x645;&#x647;&#x627;&#x62C;&#x631;&#x648;&#x646; &#x648;&#x627;&#x644;&#x623;&#x646;&#x635;&#x627;&#x631;</subfield>
  </datafield>
  <datafield tag="653" ind1=" " ind2=" ">
    <subfield code="b">General</subfield>
  </datafield>
  <datafield tag="942" ind1=" " ind2=" ">
    <subfield code="2">ddc</subfield>
    <subfield code="c">BB</subfield>
  </datafield>
  <datafield tag="999" ind1=" " ind2=" ">
    <subfield code="c">15961</subfield>
    <subfield code="d">15961</subfield>
  </datafield>
  <datafield tag="952" ind1=" " ind2=" ">
    <subfield code="0">0</subfield>
    <subfield code="1">0</subfield>
    <subfield code="2">ddc</subfield>
    <subfield code="4">0</subfield>
    <subfield code="7">0</subfield>
    <subfield code="8">Alef-Baa</subfield>
    <subfield code="a">MAIN</subfield>
    <subfield code="b">MAIN</subfield>
    <subfield code="c">LOW</subfield>
    <subfield code="d">2011-09-06</subfield>
    <subfield code="e">purchase</subfield>
    <subfield code="o">239 &#x62F; &#x648; &#x64A;</subfield>
    <subfield code="p">000024665</subfield>
    <subfield code="r">2025-10-30 00:00:00</subfield>
    <subfield code="s">2025-10-12</subfield>
    <subfield code="y">BB</subfield>
  </datafield>
</record>
